International investment and multinational enterprises

Tallennettuna:
Bibliografiset tiedot
Aineistotyyppi: Kirja
Kieli:Undetermined
Julkaistu: Paris OECD 1976
Aiheet:
Tagit: Lisää tagi
Ei tageja, Lisää ensimmäinen tagi!
Thư viện lưu trữ: Trung tâm Học liệu Trường Đại học Cần Thơ
LEADER 00444nam a2200157Ia 4500
001 CTU_83200
008 210402s9999 xx 000 0 und d
082 |a 338.8 
082 |b I.61 
245 0 |a International investment and multinational enterprises 
260 |a Paris 
260 |b OECD 
260 |c 1976 
650 |a International business enterprises 
904 |i Qhieu(sửa) 
980 |a Trung tâm Học liệu Trường Đại học Cần Thơ